书目信息 |
| 题名: |
呂著中小學教科書五種
|
|
| 作者: | 吕思勉 著 | |
| 分册: | 下 | |
| 出版信息: | 上海 上海古籍出版社 2020.3 |
|
| 页数: | 772-1402页 | |
| 开本: | 21cm | |
| 丛书名: | 吕思勉文集 | |
| 单 册: | ||
| 中图分类: | G624.201 , G634.531 | |
| 科图分类: | ||
| 主题词: | 小学语文课--教材 , 中国史课--高中--教材 | |
| 电子资源: | ||
| ISBN: | 978-7-5325-9463-4 | |
| 000 | 01291nam 2200313 45 | |
| 001 | 012001004215 | |
| 005 | 20211021102215.29 | |
| 010 | @a978-7-5325-9463-4@b精装@dCNY80.00 | |
| 099 | @aCAL 012020198602 | |
| 100 | @a20200713d2020 em y0chiy0110 ea | |
| 101 | 0 | @achi |
| 102 | @aCN@b310000 | |
| 105 | @ay z 000yy | |
| 106 | @ar | |
| 200 | 1 | @a呂著中小學教科書五種@f吕思勉著@Alv zhu zhong xiao xue jiao ke shu wu zhong@h下@FLv Si Mian Zhu |
| 210 | @a上海@c上海古籍出版社@d2020.3 | |
| 215 | @a772-1402页@c图@d21cm | |
| 225 | 2 | @a吕思勉文集@Alv si mian wen ji |
| 330 | @a《吕著中小学教科书五种》是吕思勉先生在教学过程中编著的五种教科书的汇编,即《高等小学国文教科书》、《新学制高级中学教科书本国史》、《高级中学教科书本国史》、《高中复习丛书本国史》、《初中标准教本本国史》。这些教科书虽说是为当时中小学生(主要是高中生)写就的,如今即使用作大学历史专业的教材,恐怕也不嫌其浅。通过《吕著中小学教科书五种》深入浅出的解读,想必广大读者能够受益良多。 | |
| 410 | 0 | @12001 @a吕思勉文集 |
| 461 | 0 | @12001 @a吕思勉文集 |
| 518 | 1 | @a吕著中小学教科书五种 |
| 606 | 0 | @a小学语文课@j教材 |
| 606 | 0 | @a中国史课@x高中@j教材 |
| 690 | @aG624.201@v5 | |
| 690 | @aG634.531@v5 | |
| 701 | 0 | @a吕思勉@Alv si mian@4著 |
| 801 | @aCN@bAHXH@c20210922 | |
| 905 | @b1329968-72@dG624.201@e2544:2@f5 | |
| 呂著中小學教科書五種/吕思勉著.下.-上海:上海古籍出版社,2020.3 |
| 772-1402页:图;21cm.-(吕思勉文集) |
| ISBN 978-7-5325-9463-4(精装):CNY80.00 |
| 《吕著中小学教科书五种》是吕思勉先生在教学过程中编著的五种教科书的汇编,即《高等小学国文教科书》、《新学制高级中学教科书本国史》、《高级中学教科书本国史》、《高中复习丛书本国史》、《初中标准教本本国史》。这些教科书虽说是为当时中小学生(主要是高中生)写就的,如今即使用作大学历史专业的教材,恐怕也不嫌其浅。通过《吕著中小学教科书五种》深入浅出的解读,想必广大读者能够受益良多。 |
| ● |
| 相关链接 |
|
|
|
|
正题名:呂著中小學教科書五種
索取号:G624.201/2544:2
 
预约/预借
| 序号 | 登录号 | 条形码 | 馆藏地/架位号 | 状态 | 备注 |
| 1 | 1329968 | 213299688 | 第一样本阅览室/ [索取号:G624.201/2544:2] | 在馆 | |
| 2 | 1329969 | 213299697 | 教育系资料室/ [索取号:G624.201/2544:2] | 在馆 | |
| 3 | 1329970 | 213299704 | 教育系资料室/ [索取号:G624.201/2544:2] | 在馆 | |
| 4 | 1329971 | 213299713 | 第四借阅区/ [索取号:G624.201/2544:2] | 在馆 | |
| 5 | 1329972 | 213299722 | 第四借阅区/ [索取号:G624.201/2544:2] | 在馆 |